High-tech job finder : a guide to America's 100 hottest communities /

Bibliographic Details
Main Author: Marrs, Texe W.
Other Authors: Marrs, Wanda J.
Format: Book
Language:English
Published: New York : Wiley Press, [1985]
Subjects:

MARC

Tag First Indicator Second Indicator Subfields
LEADER 00000cam a2200000 a 4500
001 in00000397321
005 20151012053021.0
008 841016s1985 nyu 00110 eng
010 |a  84022036  
020 |a 0471815071 
020 |a 047181685X (pbk.) :  |c $9.95 (est.) 
035 |a (OCoLC)11344765 
035 |9 ABU2830AM 
039 0 |a 2  |b 3  |c 3  |d 3  |e 3 
040 |a DLC  |c DLC  |d OCL  |d TXA  |d UtOrBLW 
043 |a n-us--- 
049 |a TXAM  |c [A09379518] 
050 0 0 |a HF5382.5.U5  |b M365 1985 
070 0 |a HF5382.5.U5M365 
082 0 |a 621.381/7/02373  |2 19 
100 1 |a Marrs, Texe W. 
245 1 0 |a High-tech job finder :  |b a guide to America's 100 hottest communities /  |c Texe W. Marrs, Wanda Marrs. 
264 1 |a New York :  |b Wiley Press,  |c [1985] 
264 4 |c ©1985 
300 |a x, 288 pages ;  |c 23 cm. 
336 |a text  |b txt  |2 rdacontent 
337 |a unmediated  |b n  |2 rdamedia 
338 |a volume  |b nc  |2 rdacarrier 
500 |a Includes index. 
650 0 |a High technology industries  |z United States  |x Vocational guidance  |z United States. 
700 1 |a Marrs, Wanda J. 
999 |a MARS 
999 f f |s 6857c11a-6212-396b-9b49-f7be596d7856  |i 0f97a85e-010e-39c8-a3b7-73db1e772bdb  |t 0 
952 f f |p ric  |a Texas A&M University  |b Rellis Campus  |c Joint Library Facility  |s JLF  |d Remote Storage  |t 0  |e HF5382.5.U5 M365 1985  |h Library of Congress classification  |i unmediated -- volume  |m A14809379518 
998 f f |a HF5382.5.U5 M365 1985  |t 0  |l Remote Storage